Zlato ako jedna z foriem alternatívneho investovania bakalárska práca

Uložené v:
Podrobná bibliografia
Hlavný autor: Steiner, Ivan
Korporativný autor: Fakulta podnikového manažmentu EU. Katedra podnikových financií
Ďalší autori: Škriniar, Pavel, 1979-
Médium: Kniha
Jazyk:Slovak
Vydavateľské údaje: Bratislava 2014
Tagy: Pridať tag
Žiadne tagy, Buďte prvý, kto otaguje tento záznam!

MARC

LEADER 00000nbm a2200000 4500
001 0202704
005 20161212100514.3
041 0 |a slo 
044 |a SK 
245 1 0 |a Zlato ako jedna z foriem alternatívneho investovania  |b bakalárska práca  |c Ivan Steiner ; školiteľ: Pavel Škriniar 
264 1 |a Bratislava  |c 2014 
300 |a 53 s. 
100 1 |a Steiner, Ivan 
700 1 |a Škriniar, Pavel, 1979- 
710 2 |a Fakulta podnikového manažmentu EU. Katedra podnikových financií